National Monuments Record consultation launched (Record no. 73809)

MARC details
000 -LEADER
fixed length control field 01039cam a2200205 4500
001 - CONTROL NUMBER
control field WB3944-02
008 - FIXED-LENGTH DATA ELEMENTS--GENERAL INFORMATION
fixed length control field 031119n2003 000 0 eng u
035 ## - SYSTEM CONTROL NUMBER
System control number (Sirsi) u124371
245 ## - TITLE STATEMENT
Title National Monuments Record consultation launched
260 ## - PUBLICATION, DISTRIBUTION, ETC.
Date of publication, distribution, etc. 2003
490 ## - SERIES STATEMENT
Series statement English Heritage News Release
Volume/sequential designation 13 November 2003 (2)
520 ## - SUMMARY, ETC.
Summary, etc. English Heritage has launched a consultation paper to consider the future of the National Monuments Record. Comments are welcome from special interest groups as well as members of the public. Responses must be in by 4 February 2003. Copies of the document can be downloaded from http://www.english-heritage.org.uk or e [email protected]. http://www.english-heritage.org.uk/default.asp?WCI=NewsItem&WCE=365
590 ## - LOCAL NOTE (RLIN)
Local note WB
650 ## - SUBJECT ADDED ENTRY--TOPICAL TERM
Topical term or geographic name entry element NATIONAL MONUMENTS RECORD
650 ## - SUBJECT ADDED ENTRY--TOPICAL TERM
Topical term or geographic name entry element HISTORIC MONUMENTS
650 ## - SUBJECT ADDED ENTRY--TOPICAL TERM
Topical term or geographic name entry element HISTORIC ENVIRONMENT
650 ## - SUBJECT ADDED ENTRY--TOPICAL TERM
Topical term or geographic name entry element CONSULTATION DOCUMENTS
690 ## - LOCAL SUBJECT ADDED ENTRY--TOPICAL TERM (OCLC, RLIN)
Topical term or geographic name as entry element BUILT ENVIRONMENT-BUILDING MAINTENANCE AND REFURBISHMENT-BUILDING CONSERVATION
942 ## - ADDED ENTRY ELEMENTS (KOHA)
Suppress in OPAC 0
Holdings
Withdrawn status Lost status Source of classification or shelving scheme Damaged status Not for loan Home library Current library Shelving location Date acquired Total Checkouts Full call number Barcode Date last seen Copy number Price effective from Koha item type
    Dewey Decimal Classification     London London News article 19/11/2003   WB3944-02 124371-1001 06/08/2019 1 06/08/2019 News article